| 000 | 00715nam a22002177a 4500 | ||
|---|---|---|---|
| 005 | 20150724143725.0 | ||
| 008 | 140714b xxu||||| |||| 00| 0 Urdu d | ||
| 010 | _aUR-9228 | ||
| 020 | q | _c200.00 | |
| 035 | _aU-7783 | ||
| 037 | _bDBAD/Pub. | ||
| 040 |
_aDPL _bUrdu |
||
| 082 | _a303.625 | ||
| 100 | _aا يس ا يم مشر ف | ||
| 245 |
_aکر کر س کے قا تل کو ن _cا يس ا يم مشر ف |
||
| 246 |
_aKarkare ke Qatil Kaun _bBy S.M. Musharaf |
||
| 260 |
_aNewDelhi _c2010 _bPharos Media & Publishing Pvt.Ltd. |
||
| 270 |
_aD-84Abul Fazal Enclave -1,Jamia Nagar, _bNew Delhi _e110025 _k01126947483 |
||
| 300 |
_a311ص _c22Cm (Hb) |
||
| 942 |
_2ddc _cUR _e _h303.625 _mا ي س |
||
| 999 |
_c95204 _d95204 |
||